Public budgeting. / (Record no. 2143)

MARC details
000 -LEADER
fixed length control field 00868nam a22001817a 4500
008 - FIXED-LENGTH DATA ELEMENTS--GENERAL INFORMATION
fixed length control field 120823t xxu||||| |||| 00| 0 eng d
020 ## - INTERNATIONAL STANDARD BOOK NUMBER
International Standard Book Number 13:9780495063186
020 ## - INTERNATIONAL STANDARD BOOK NUMBER
International Standard Book Number 10:0495063185
050 ## - LIBRARY OF CONGRESS CALL NUMBER
Classification number HJ2051.N46
100 ## - MAIN ENTRY--PERSONAL NAME
Personal name Nice, David C.
245 ## - TITLE STATEMENT
Title Public budgeting. /
Statement of responsibility, etc. David C. Nice
260 ## - PUBLICATION, DISTRIBUTION, ETC.
Place of publication, distribution, etc. Australia:
Name of publisher, distributor, etc. Wadsworth Cenage Learning,
Date of publication, distribution, etc. c2002.
300 ## - PHYSICAL DESCRIPTION
Extent xvii, 215 p.:
Other physical details ill.;
Dimensions 23cm.
500 ## - GENERAL NOTE
General note Includes index.
505 ## - FORMATTED CONTENTS NOTE
Formatted contents note Contents: The Nature of public budgeting -- Government revenues, spending, and borrowing: a brief overview -- The Budget cycle: a brief introduction -- Budget preparation -- Techniques of budgetary analysis -- Budget adoption -- Budget execution -- Financial management -- The Economy and the budget -- Intergovernmental aspects of public budgeting -- The Frustration of budget reform.
650 ## - SUBJECT ADDED ENTRY--TOPICAL TERM
Topical term following geographic name entry element Budget.
942 ## - ADDED ENTRY ELEMENTS (KOHA)
Source of classification or shelving scheme Library of Congress Classification
Koha item type Books
Holdings
Withdrawn status Lost status Source of classification or shelving scheme Damaged status Not for loan Home library Current library Shelving location Date acquired Total Checkouts Full call number Barcode Date last seen Copy number Price effective from Koha item type
    Library of Congress Classification     WISCONSIN INTERNATIONAL UNIVERSITY COLLEGE, GHANA - MAIN LIBRARY WISCONSIN INTERNATIONAL UNIVERSITY COLLEGE, GHANA - MAIN LIBRARY General Stacks 23/08/2012   HJ2051.N46 4942/12 23/08/2012 1 23/08/2012 Books
    Library of Congress Classification     WISCONSIN INTERNATIONAL UNIVERSITY COLLEGE, GHANA - MAIN LIBRARY WISCONSIN INTERNATIONAL UNIVERSITY COLLEGE, GHANA - MAIN LIBRARY General Stacks 23/08/2012   HJ2051.N461 4943/12 23/08/2012 2 23/08/2012 Books

If you have any concerns or questions; kindly contact the library


© Powered by WIUC ICT DIRECTORATE